[Event "Quebec-ch U18"]
[Site "Montreal"]
[Date "2006.03.05"]
[Round "5"]
[White "Chan, Charles"]
[Black "Milosz, Robin"]
[Result "1-0"]
[WhiteElo "1553"]
[BlackElo "955"]
[PlyCount "37"]
[EventDate "2006.03.03"]
[EventType "swiss"]
[EventRounds "5"]
[EventCountry "CAN"]
[SourceTitle "EXT 2007"]
[Source "ChessBase"]
[SourceDate "2006.11.23"]
[SourceVersion "1"]
[SourceVersionDate "2006.11.23"]
[SourceQuality "1"]

1. e4 e6 2. d3 d5 3. Nd2 dxe4 4. dxe4 Nc6 5. Ngf3 Nf6 6. Bd3 Bd6 7. 0-0 0-0 8. Re1 Bf4 9. Nf1 Bxc1 10. Rxc1 e5 11. Ng3 Bg4 12. h3 Bxf3 13. Qxf3 Nb4 14. Bc4 Qe7 15. Nf5 Qc5 16. Bb3 Rad8 17. Nh6+ Kh8 18. Nxf7+ Rxf7 19. Bxf7 1-0

[Event "Quebec-ch U18"]
[Site "Montreal"]
[Date "2006.03.05"]
[Round "4"]
[White "Jorge, Ivan"]
[Black "Chan, Charles"]
[Result "0-1"]
[WhiteElo "1188"]
[BlackElo "1553"]
[PlyCount "115"]
[EventDate "2006.03.03"]
[EventType "swiss"]
[EventRounds "5"]
[EventCountry "CAN"]
[SourceTitle "EXT 2007"]
[Source "ChessBase"]
[SourceDate "2006.11.23"]
[SourceVersion "1"]
[SourceVersionDate "2006.11.23"]
[SourceQuality "1"]

1. d4 Nf6 2. Nc3 e6 3. a3 d5 4. Bf4 c5 5. e3 a6 6. Nf3 Nc6 7. Be2 Qb6 8. Rb1 Bd7 9. 0-0 Be7 10. h3 0-0 11. Ne5 Rad8 12. Nxc6 Bxc6 13. Bf3 Rfe8 14. Re1 Nd7 15. Ne2 Bf6 16. c3 e5 17. dxe5 Nxe5 18. Bxe5 Bxe5 19. g3 Bd7 20. Bg4 Bxg4 21. hxg4 Qg6 22. Nf4 Bxf4 23. exf4 Rxe1+ 24. Qxe1 Qxg4 25. Qe7 Qc8 26. Re1 h6 27. f5 d4 28. Rd1 d3 29. c4 d2 30. Qe3 Qxf5 31. Rxd2 Rxd2 32. Qxd2 Qb1+ 33. Kh2 Qf5 34. Qe2 Qe6 35. Qd3 Qf6 36. Qc2 h5 37. b3 h4 38. a4 hxg3+ 39. fxg3 g5 40. Qd2 g4 41. Qe2 Qh6+ 42. Kg1 Qe6 43. Qd2 Qf6 44. Qe2 Qd4+ 45. Kg2 Kg7 46. Kh2 Kg6 47. Qc2+ f5 48. Qe2 Qe4 49. Qd2 Qe5 50. a5 Qh8+ 51. Kg2 Qh3+ 52. Kg1 Qxg3+ 53. Kf1 Qf3+ 54. Kg1 g3 55. Qd6+ Kh5 56. Qxc5 Qd1+ 57. Kg2 Kg4 58. Qd5 0-1

[Event "Quebec-ch U18"]
[Site "Montreal"]
[Date "2006.03.04"]
[Round "2"]
[White "Rodriguez, Aaron"]
[Black "Chan, Charles"]
[Result "1-0"]
[WhiteElo "1984"]
[BlackElo "1553"]
[PlyCount "89"]
[EventDate "2006.03.03"]
[EventType "swiss"]
[EventRounds "5"]
[EventCountry "CAN"]
[SourceTitle "EXT 2007"]
[Source "ChessBase"]
[SourceDate "2006.11.23"]
[SourceVersion "1"]
[SourceVersionDate "2006.11.23"]
[SourceQuality "1"]

1. e4 Nf6 2. e5 Nd5 3. c4 Nb6 4. d4 d6 5. f4 dxe5 6. fxe5 Nc6 7. Be3 Bf5 8. Nc3 e6 9. Nf3 Be7 10. Be2 0-0 11. 0-0 f6 12. a3 a5 13. Kh1 Qe8 14. Nb5 Rc8 15. d5 exd5 16. cxd5 Nxe5 17. Nxc7 Rxc7 18. Bxb6 Rc8 19. d6 Bd8 20. Qd5+ Be6 21. Qxb7 Bxb6 22. Qxb6 Rb8 23. Qxa5 Rxb2 24. Ba6 Qg6 25. Rg1 Bh3 26. Qd5+ Kh8 27. gxh3 Qc2 28. Rac1 Qf2 29. Rcf1 Qc2 30. Nd2 Qxd2 31. Qxd2 Rxd2 32. Rd1 Ra2 33. Rg3 h6 34. Bb5 Rd8 35. Rc3 Kg8 36. d7 Kf7 37. a4 Ke7 38. Rg3 g5 39. Rc3 h5 40. h4 g4 41. h3 Nf3 42. Re3+ Kf8 43. Re8+ Rxe8 44. dxe8Q+ Kg7 45. Rd7+ 1-0

[Event "Quebec-ch qual2"]
[Site "Montreal"]
[Date "2005.05.13"]
[Round "1"]
[White "Gauthier, Denis"]
[Black "Chan, Charles"]
[Result "1-0"]
[WhiteElo "1897"]
[BlackElo "1490"]
[PlyCount "53"]
[EventDate "2005.05.13"]
[EventType "swiss"]
[EventRounds "5"]
[EventCountry "CAN"]
[SourceTitle "CBM 106 Extra"]
[Source "ChessBase"]
[SourceDate "2005.07.01"]
[SourceVersion "1"]
[SourceVersionDate "2005.07.01"]
[SourceQuality "1"]

1. d4 Nf6 2. c4 e6 3. Nf3 Bb4+ 4. Nbd2 0-0 5. e3 b6 6. Bd3 Bb7 7. 0-0 Be7 8. e4 d6 9. Re1 Na6 10. a3 c5 11. d5 e5 12. Nf1 Bc8 13. h3 Nh5 14. Nxe5 dxe5 15. Qxh5 f6 16. Ng3 Qe8 17. Qxe8 Rxe8 18. Bd2 g6 19. f4 Bd6 20. Rf1 Bd7 21. Ne2 h5 22. Bc3 Kg7 23. Rf2 Re7 24. Raf1 Rf8 25. b3 Nc7 26. fxe5 Bxe5 27. d6 1-0